La novela femenina contemporánea 1970-1985: hacia una tipología de la narración en primera persona
Gespeichert in:
| 1. Verfasser: | |
|---|---|
| Format: | Buch |
| Sprache: | Spanisch |
| Veröffentlicht: |
Barcelona
Anthropos
1988
|
| Schriftenreihe: | Autores, textos y temas de literatura, 3
|
| Schlagworte: | |
| Tags: |
Tag hinzufügen
Keine Tags, Fügen Sie den ersten Tag hinzu!
|
MARC
| LEADER | 00000nam a2200000 a 4500 | ||
|---|---|---|---|
| 001 | UCX4699 | ||
| 003 | CL-VaPUC | ||
| 008 | 920710e19880000SP |||||||||||||||||spa|d | ||
| 082 | 0 | 4 | |a 809.3042 |b CIP |2 21 |
| 100 | |a Ciplijauskaité, Biruté |e author |9 378365 | ||
| 245 | 1 | 3 | |a La novela femenina contemporánea 1970-1985: hacia una tipología de la narración en primera persona |
| 300 | |a 255 p | ||
| 942 | |c BK | ||
| 945 | |d 19920710 00:00:00 | ||
| 260 | |a Barcelona |b Anthropos |c 1988 | ||
| 650 | 7 | |a MUJERES NOVELA |2 CL-VaPUC |9 320980 | |
| 650 | 0 | |a Mujeres en literatura |9 317651 | |
| 583 | |a last modification |c 19920710 00:00:00 |k Rodrigo Vera | ||
| 490 | 0 | |a Autores, textos y temas de literatura, 3 | |
| 999 | |c 225108 |d 225106 | ||
| 952 | |0 0 |1 0 |4 0 |6 809_304200000000000_CIP_1988 |7 0 |8 A |9 222318 |a FDOPOS |b FDOPOS |d 2019-11-15 |i 2911442 |o 809.3042 CIP 1988 |p 2911442 |r 2025-01-22 |w 2019-11-15 |y BK |k MLH | ||